| 000 | 00434nam a2200169 a 4500 | ||
|---|---|---|---|
| 001 | 0000-8639 | ||
| 003 | ELIB.Books | ||
| 008 | 110520 1976 | ||
| 035 | _a(ELIB.Books)0000-8785 | ||
| 082 |
_a220 _bBil |
||
| 100 | _aBible | ||
| 245 | _aThe Word of God alive & active (New Testament) | ||
| 260 |
_bNew York: American Bible Society _c1976 |
||
| 650 | _aBible | ||
| 942 |
_2ddc _cBK |
||
| 998 |
_cbat _e2011-05-20 |
||
| 999 |
_c8639 _d8639 |
||